000 00769nam a2200265 i 4500
001 C2-0294335
003 PPAK
005 20180728030054.0
008 090209s2008 my a|||| ||||| | eng d
020 _a9789675023088
040 _aPPAK
_beng
_cPPAK
_erda
082 0 4 _a823
_223
090 0 0 _a823
_bKAY
_dK
100 0 _aKay Ghazali,
_eauthor
245 1 0 _aLost at the fair
264 1 _aPetaling Jaya, Selangor :
_bTulip Publications ,
_c2008
300 _a96 pages :
_billustrations ;
_c19 cm
336 _2rdacontent
_atext
337 _2rdamedia
_aunmediated
338 _2rdacarrier
_avolume
490 1 _aExciting tales for young teen series
650 1 0 _aChildren's stories, English
830 0 _aExciting tales for young teen series
942 _ddc
_cB
999 _c98985
_d98985